Países mais simpáticos e antipáticos - Statistics

Estatísticas Gerais
  • Esse quiz foi jogado 193 vezes
  • A pontuação média é 15 de 20
Estatísticas das Respostas
# Simpáticos % Correto
1 Brasil
98%
5 China
94%
6 Estados Unidos
94%
10 Japão
94%
1 França
91%
2 México
91%
8 Canadá
90%
4 Alemanha
89%
2 Rússia
89%
8 Itália
87%
7 Espanha
86%
5 Portugal
84%
3 Reino Unido
78%
9 Polônia
52%
6 Indonésia
49%
7 Nova Zelândia
49%
10 Turquia
46%
4 Tailândia
45%
9 Dinamarca
43%
3 Filipinas
30%
Nenhum quiz correspondente encontrado
Distribuição das Pontuações
Porcentagem de Pessoas com Cada Pontuação
Percentil de Números Respondidos
Sua Pontuação Histórica
Você não jogou esse quiz